[Event "Southend Masters"]
[Site "Southend"]
[Date "2024.03.28"]
[Round "2.11"]
[White "Ribeiro, Rodrigo"]
[Black "Kirk, Ezra"]
[Result "0-1"]
[WhiteElo "2271"]
[BlackElo "2407"]
[PlyCount "74"]
[EventDate "2024.03.28"]
[EventType "swiss"]
[EventRounds "9"]
[EventCountry "ENG"]
[SourceTitle "BritBase"]
[Source "John Saunders"]
[SourceDate "2024.05.09"]
[SourceVersion "1"]
[SourceVersionDate "2024.05.09"]
[SourceQuality "1"]

1. d4 Nf6 2. c4 b6 3. Nc3 Bb7 4. Qc2 d5 5. cxd5 Nxd5 6. Nf3 e6 7. Bg5 Be7 8.
Bxe7 Nxe7 9. e3 Nd7 10. Nb5 Bc6 11. Be2 O-O 12. O-O a6 13. Nc3 Bb7 14. Na4 Nd5
15. a3 Rc8 16. b4 Qf6 17. Rac1 Rfe8 18. Bd3 h6 19. Qe2 Ra8 20. Be4 c6 21. Bd3
e5 22. Qc2 a5 23. Bf5 e4 24. Bxe4 Rxe4 25. Qxe4 axb4 26. Qc2 bxa3 27. Ra1 c5
28. dxc5 b5 29. Rxa3 bxa4 30. Rxa4 Rxa4 31. Qxa4 Nc3 32. Qc2 Be4 33. Qd2 Bxf3
34. gxf3 Ne5 35. Qxc3 Nxf3+ 36. Kg2 Nh4+ 37. Kh3 Qf3+ 0-1

[Event "Southend Masters"]
[Site "Southend"]
[Date "2024.03.28"]
[Round "2.12"]
[White "Jackson, James P"]
[Black "Bezuidenhout, Roland"]
[Result "1/2-1/2"]
[WhiteElo "2371"]
[BlackElo "2273"]
[PlyCount "69"]
[EventDate "2024.03.28"]
[EventType "swiss"]
[EventRounds "9"]
[EventCountry "ENG"]
[SourceTitle "BritBase"]
[Source "John Saunders"]
[SourceDate "2024.05.09"]
[SourceVersion "1"]
[SourceVersionDate "2024.05.09"]
[SourceQuality "1"]

1. d4 Nf6 2. c4 e6 3. Nc3 Bb4 4. e3 O-O 5. Bd3 d5 6. a3 Bxc3+ 7. bxc3 dxc4 8.
Bxc4 c5 9. Ne2 Qc7 10. Bd3 b6 11. O-O Ba6 12. Bxa6 Nxa6 13. f3 Rac8 14. e4 cxd4
15. cxd4 Nb8 16. Bf4 Qc2 17. Bxb8 Qxd1 18. Rfxd1 Rxb8 19. a4 Rfc8 20. Kf2 Kf8
21. Ke3 Rc4 22. Kd3 Rbc8 23. Rdb1 Nd7 24. a5 Ke7 25. Ra3 R4c7 26. Rb2 Rd8 27.
Ke3 Rdc8 28. a6 Nb8 29. Kd3 Nc6 30. Rc3 Nb8 31. Ra2 Nc6 32. Rb2 Nb8 33. Ra2 Nc6
34. Rb2 Nb8 35. Ra2 1/2-1/2

[Event "Southend Masters"]
[Site "Southend"]
[Date "2024.03.28"]
[Round "2.13"]
[White "Browning, Alex"]
[Black "Wong, Jianwen"]
[Result "0-1"]
[WhiteElo "2313"]
[BlackElo "2254"]
[PlyCount "86"]
[EventDate "2024.03.28"]
[EventType "swiss"]
[EventRounds "9"]
[EventCountry "ENG"]
[SourceTitle "BritBase"]
[Source "John Saunders"]
[SourceDate "2024.05.09"]
[SourceVersion "1"]
[SourceVersionDate "2024.05.09"]
[SourceQuality "1"]

1. e4 d6 2. d4 Nf6 3. Nc3 e5 4. Nf3 Nbd7 5. Bc4 Be7 6. O-O O-O 7. Re1 c6 8. a4
h6 9. a5 Rb8 10. Bf1 Qc7 11. h3 Re8 12. d5 cxd5 13. exd5 a6 14. Nh4 b5 15. Nf5
Bf8 16. g4 b4 17. Ne2 Bb7 18. Bg2 Kh7 19. c3 g6 20. Nfg3 b3 21. Nf1 Bg7 22.
Neg3 Nc5 23. g5 hxg5 24. Bxg5 Kg8 25. Ne3 Nh7 26. Bh4 Bc8 27. Ne2 f5 28. Nc4 g5
29. Bg3 f4 30. Bh2 Bf5 31. Nc1 Nf6 32. Nd2 Qd7 33. Nc4 Bf8 34. Nb6 Qh7 35. f3
Rb7 36. Ra3 Rg7 37. Qe2 Bxh3 38. Bxh3 Qxh3 39. Qg2 Qh4 40. Qf2 Qh5 41. Kh1 g4
42. fxg4 Nxg4 43. Qg2 Nxh2 0-1

[Event "Southend Masters"]
[Site "Southend"]
[Date "2024.03.29"]
[Round "3.2"]
[White "Petrov, Martin"]
[Black "Hollan, Martin"]
[Result "1/2-1/2"]
[WhiteElo "2518"]
[BlackElo "2347"]
[PlyCount "36"]
[EventDate "2024.03.28"]
[EventType "swiss"]
[EventRounds "9"]
[EventCountry "ENG"]
[SourceTitle "BritBase"]
[Source "John Saunders"]
[SourceDate "2024.05.09"]
[SourceVersion "1"]
[SourceVersionDate "2024.05.09"]
[SourceQuality "1"]

1. e4 c5 2. Nf3 Nc6 3. d4 cxd4 4. Nxd4 g6 5. c4 Nf6 6. Nc3 Nxd4 7. Qxd4 d6 8.
Be3 Bg7 9. f3 O-O 10. Qd2 a5 11. Na4 Be6 12. Nb6 Rb8 13. Rc1 Nd7 14. Nd5 Nc5
15. b3 Bxd5 16. Qxd5 Qb6 17. Qd2 Qb4 18. Be2 b6 1/2-1/2

[Event "Southend Masters"]
[Site "Southend"]
[Date "2024.03.29"]
[Round "3.3"]
[White "Fernandez, Daniel Howard"]
[Black "Cherniaev, Alexander"]
[Result "1/2-1/2"]
[WhiteElo "2532"]
[BlackElo "2375"]
[PlyCount "77"]
[EventDate "2024.03.28"]
[EventType "swiss"]
[EventRounds "9"]
[EventCountry "ENG"]
[SourceTitle "BritBase"]
[Source "John Saunders"]
[SourceDate "2024.05.09"]
[SourceVersion "1"]
[SourceVersionDate "2024.05.09"]
[SourceQuality "1"]

1. e4 c5 2. Nf3 Nc6 3. Bb5 e6 4. O-O Nge7 5. b3 Nd4 6. a4 a6 7. Bd3 Nec6 8. Na3
Be7 9. Nc4 d5 10. exd5 exd5 11. Ne3 Nb4 12. Nxd4 cxd4 13. Nf5 Bxf5 14. Bxf5 g6
15. Bg4 O-O 16. g3 Re8 17. c4 d3 18. Qf3 f5 19. Bh3 Bf6 20. Rb1 Rc8 21. Bg2 a5
22. cxd5 b6 23. Rd1 Re4 24. d6 Kg7 25. Bf1 Qxd6 26. Ba3 Rd8 27. Rbc1 Qd7 28.
Bxb4 Rxb4 29. Rc6 Qd5 30. Rc7+ Kh6 31. Qxd5 Rxd5 32. Rf7 Be5 33. Rb1 b5 34. Rb7
Bd6 35. Kg2 bxa4 36. Rxb4 Bxb4 37. bxa4 Bxd2 38. Rb3 Rd4 39. Rxd3 1/2-1/2

[Event "Southend Masters"]
[Site "Southend"]
[Date "2024.03.29"]
[Round "3.4"]
[White "Kalavannan, Koby"]
[Black "Royal, Shreyas"]
[Result "0-1"]
[WhiteElo "2324"]
[BlackElo "2457"]
[PlyCount "54"]
[EventDate "2024.03.28"]
[EventType "swiss"]
[EventRounds "9"]
[EventCountry "ENG"]
[SourceTitle "BritBase"]
[Source "John Saunders"]
[SourceDate "2024.05.09"]
[SourceVersion "1"]
[SourceVersionDate "2024.05.09"]
[SourceQuality "1"]

1. b3 d5 2. Bb2 Nf6 3. Nf3 Bf5 4. Nh4 Bg4 5. h3 Bh5 6. g4 Bg6 7. Nxg6 hxg6 8.
Bg2 c6 9. d4 e6 10. Nd2 Bd6 11. e4 Nxe4 12. Nxe4 dxe4 13. Bxe4 Nd7 14. Qf3 Qg5
15. Bc1 Qe7 16. Be3 f5 17. Bd3 e5 18. dxe5 Nxe5 19. Qe2 Nxd3+ 20. cxd3 O-O-O
21. Kf1 Qe5 22. Rd1 Qd5 23. Kg1 Rde8 24. Qf1 Qf3 25. Re1 Bb4 26. Rc1 Rxe3 27.
fxe3 Qg3+ 0-1

[Event "Southend Masters"]
[Site "Southend"]
[Date "2024.03.29"]
[Round "3.5"]
[White "Ribeiro, Gustavo"]
[Black "Pert, Richard G"]
[Result "0-1"]
[WhiteElo "2220"]
[BlackElo "2411"]
[PlyCount "76"]
[EventDate "2024.03.28"]
[EventType "swiss"]
[EventRounds "9"]
[EventCountry "ENG"]
[SourceTitle "BritBase"]
[Source "John Saunders"]
[SourceDate "2024.05.09"]
[SourceVersion "1"]
[SourceVersionDate "2024.05.09"]
[SourceQuality "1"]

1. e4 g6 2. d4 Bg7 3. Nc3 c6 4. Bc4 d6 5. Qf3 e6 6. Nge2 Nd7 7. Bf4 Qe7 8.
O-O-O e5 9. Bg3 Ngf6 10. Qd3 O-O 11. dxe5 Nxe5 12. Bxe5 dxe5 13. Qd6 Qxd6 14.
Rxd6 b5 15. Bb3 b4 16. Na4 Nxe4 17. Rxc6 Nxf2 18. Re1 Bb7 19. Rc7 Bxg2 20. Ng3
e4 21. Nc5 Be5 22. Rb7 Rac8 23. Nd7 Nd3+ 24. Kd1 Bf3+ 25. Re2 Nc5 26. Nxc5 Rxc5
27. Nxe4 Rc7 28. Rxb4 Bxb2 29. Bd5 Bxe2+ 30. Kxe2 Rxc2+ 31. Kd3 Rxh2 32. Rb7
Bc1 33. Rxa7 Bf4 34. a4 Rd8 35. Nf6+ Kh8 36. Rxf7 Bg5 37. Kc4 Bxf6 38. Rxf6
Rh4+ 0-1

[Event "Southend Masters"]
[Site "Southend"]
[Date "2024.03.29"]
[Round "3.6"]
[White "Abhyuday, Santhosh"]
[Black "Agdelen, Huseyin Can"]
[Result "1-0"]
[WhiteElo "2150"]
[BlackElo "2408"]
[PlyCount "59"]
[EventDate "2024.03.28"]
[EventType "swiss"]
[EventRounds "9"]
[EventCountry "ENG"]
[SourceTitle "BritBase"]
[Source "John Saunders"]
[SourceDate "2024.05.09"]
[SourceVersion "1"]
[SourceVersionDate "2024.05.09"]
[SourceQuality "1"]

1. e4 c5 2. Nf3 e6 3. d4 cxd4 4. Nxd4 Nc6 5. Nc3 a6 6. Be3 Nf6 7. a3 b5 8. Bd3
Bb7 9. O-O Qc7 10. Qe2 Ne5 11. h3 Rc8 12. f4 Nxd3 13. cxd3 d6 14. Rac1 Qb8 15.
Qf2 Be7 16. g4 Nd7 17. f5 e5 18. f6 Bxf6 19. Nf5 O-O 20. g5 Bd8 21. b4 f6 22.
Kh2 g6 23. Qa2+ Kh8 24. Nh6 Rxc3 25. Rxc3 d5 26. Rc2 Qd6 27. gxf6 Bxf6 28. Rcf2
Kg7 29. Ng4 Kg8 30. Bc5 1-0

[Event "Southend Masters"]
[Site "Southend"]
[Date "2024.03.29"]
[Round "3.7"]
[White "Kirk, Ezra"]
[Black "Gallagher, Daniel GH"]
[Result "1-0"]
[WhiteElo "2407"]
[BlackElo "2219"]
[PlyCount "141"]
[EventDate "2024.03.28"]
[EventType "swiss"]
[EventRounds "9"]
[EventCountry "ENG"]
[SourceTitle "BritBase"]
[Source "John Saunders"]
[SourceDate "2024.05.09"]
[SourceVersion "1"]
[SourceVersionDate "2024.05.09"]
[SourceQuality "1"]

1. e4 c5 2. Nf3 d6 3. Bb5+ Bd7 4. Bxd7+ Qxd7 5. d4 cxd4 6. Qxd4 Nc6 7. Qd3 g6
8. O-O Bg7 9. c4 Nf6 10. Nc3 Ng4 11. Qe2 Nge5 12. Nxe5 dxe5 13. f3 Nd4 14. Qf2
O-O 15. Be3 Rac8 16. b3 Rfd8 17. Rac1 Rc6 18. Rfd1 b6 19. Nd5 e6 20. Nc3 h6 21.
Qh4 Rd6 22. Rf1 g5 23. Qf2 Nc6 24. h4 f6 25. Rfd1 Bf8 26. Rxd6 Bxd6 27. c5 Bxc5
28. Bxc5 bxc5 29. Qxc5 Qd4+ 30. Qxd4 exd4 31. Nb5 Nb4 32. hxg5 hxg5 33. a3 Nd3
34. Rd1 a6 35. Nc7 Nc5 36. b4 Rc8 37. Rxd4 Rxc7 38. Rc4 Kf7 39. Rxc5 Rd7 40.
Kf2 Rd3 41. Ra5 Rd6 42. e5 fxe5 43. Rxe5 Kf6 44. Rc5 e5 45. Rc8 Ke6 46. Ke3 Kf6
47. Rb8 Ke6 48. Rh8 Kf7 49. Ke4 Rd2 50. Kxe5 Ra2 51. Kf5 g4 52. fxg4 Rxa3 53.
Rh7+ Kg8 54. Ra7 Ra4 55. Kg6 Kf8 56. g5 Rxb4 57. Ra8+ Ke7 58. Rxa6 Rg4 59. Ra7+
Kf8 60. Ra8+ Ke7 61. Rg8 Rh4 62. Kg7 Rh2 63. g6 Rxg2 64. Ra8 Rg4 65. Kh7 Rh4+
66. Kg8 Rg4 67. g7 Rh4 68. Ra1 Ke8 69. Re1+ Kd7 70. Kf7 Rf4+ 71. Kg6 1-0

[Event "Southend Masters"]
[Site "Southend"]
[Date "2024.03.29"]
[Round "3.8"]
[White "Lalic, Bogdan"]
[Black "Villiers, Thomas"]
[Result "1/2-1/2"]
[WhiteElo "2354"]
[BlackElo "2225"]
[PlyCount "63"]
[EventDate "2024.03.28"]
[EventType "swiss"]
[EventRounds "9"]
[EventCountry "ENG"]
[SourceTitle "BritBase"]
[Source "John Saunders"]
[SourceDate "2024.05.09"]
[SourceVersion "1"]
[SourceVersionDate "2024.05.09"]
[SourceQuality "1"]

1. Nf3 d5 2. d4 Nf6 3. c4 e6 4. Nc3 Be7 5. Bg5 O-O 6. e3 h6 7. Bh4 Ne4 8. Bxe7
Qxe7 9. Rc1 Nxc3 10. Rxc3 c6 11. Bd3 Nd7 12. cxd5 exd5 13. O-O Nf6 14. Qb1 Ne4
15. Bxe4 Qxe4 16. Qxe4 dxe4 17. Nd2 Bf5 18. b4 Rfd8 19. h3 a5 20. Rc5 Rd5 21.
a3 axb4 22. axb4 Kf8 23. Rfc1 Ra4 24. b5 Ra5 25. bxc6 Raxc5 26. Rxc5 Rxc5 27.
dxc5 bxc6 28. g4 Be6 29. Kg2 Bd5 30. Kg3 g5 31. f3 exf3 32. e4 1/2-1/2

[Event "Southend Masters"]
[Site "Southend"]
[Date "2024.03.29"]
[Round "3.9"]
[White "Lim, Zhuo Ren"]
[Black "Jones, Steven A"]
[Result "1-0"]
[WhiteElo "2290"]
[BlackElo "2217"]
[PlyCount "113"]
[EventDate "2024.03.28"]
[EventType "swiss"]
[EventRounds "9"]
[EventCountry "ENG"]
[SourceTitle "BritBase"]
[Source "John Saunders"]
[SourceDate "2024.05.09"]
[SourceVersion "1"]
[SourceVersionDate "2024.05.09"]
[SourceQuality "1"]

1. Nf3 g6 2. c4 Bg7 3. Nc3 e5 4. d4 exd4 5. Nxd4 Nc6 6. Nxc6 bxc6 7. g3 Ne7 8.
Bg2 O-O 9. h4 Rb8 10. Qc2 Re8 11. O-O d6 12. Rd1 c5 13. Bf4 Be6 14. b3 Qc8 15.
Rac1 Bh3 16. Bh1 Nf5 17. Qd2 Nd4 18. e3 Ne6 19. Bc6 Nxf4 20. exf4 Bd7 21. Bg2
Bh3 22. Nd5 Bxg2 23. Kxg2 Qd7 24. Re1 c6 25. Ne3 Rbd8 26. Rcd1 Bd4 27. Nc2 Rxe1
28. Nxe1 Qf5 29. Nf3 Bf6 30. Qa5 Qd7 31. h5 Re8 32. Qxc5 Re6 33. hxg6 hxg6 34.
Qa5 Re2 35. Rd2 Rxd2 36. Qxd2 d5 37. Qe2 Kg7 38. Ne1 Qf5 39. Qd3 Qe6 40. Qe3
Qd7 41. cxd5 cxd5 42. Nd3 Qb7 43. Qf3 Qd7 44. Nb4 d4 45. Qe4 Qb5 46. Nd3 Qa5
47. g4 Kh7 48. Qc6 Bg7 49. a4 Qd2 50. Qf3 Qc2 51. Ne1 Qc1 52. Qe4 Qd1 53. Nf3
Qxb3 54. Ng5+ Kg8 55. f5 Bf6 56. Qe8+ Kg7 57. Ne6+ 1-0

[Event "Southend Masters"]
[Site "Southend"]
[Date "2024.03.29"]
[Round "3.10"]
[White "Wong, Jianwen"]
[Black "Badacsonyi, Stanley"]
[Result "1/2-1/2"]
[WhiteElo "2254"]
[BlackElo "2196"]
[PlyCount "49"]
[EventDate "2024.03.28"]
[EventType "swiss"]
[EventRounds "9"]
[EventCountry "ENG"]
[SourceTitle "BritBase"]
[Source "John Saunders"]
[SourceDate "2024.05.09"]
[SourceVersion "1"]
[SourceVersionDate "2024.05.09"]
[SourceQuality "1"]

1. b3 Nf6 2. Bb2 g6 3. Bxf6 exf6 4. c4 b6 5. Nc3 Bb7 6. e3 f5 7. Nh3 Bh6 8. Rg1
d6 9. g3 Nd7 10. Be2 O-O 11. Bf3 Qc8 12. Nd5 Re8 13. d4 c6 14. Nc3 c5 15. Kf1
Nf6 16. dxc5 dxc5 17. Nf4 Bxf4 18. gxf4 Bxf3 19. Qxf3 Ne4 20. Nxe4 fxe4 21. Qg3
Qe6 22. Kg2 Rad8 23. Rad1 Rd7 24. Rxd7 Qxd7 25. h4 1/2-1/2

[Event "Southend Masters"]
[Site "Southend"]
[Date "2024.03.29"]
[Round "3.11"]
[White "Gomez Aguirre, Juan Alberto"]
[Black "Jackson, James P"]
[Result "1/2-1/2"]
[WhiteElo "2196"]
[BlackElo "2371"]
[PlyCount "59"]
[EventDate "2024.03.28"]
[EventType "swiss"]
[EventRounds "9"]
[EventCountry "ENG"]
[SourceTitle "BritBase"]
[Source "John Saunders"]
[SourceDate "2024.05.09"]
[SourceVersion "1"]
[SourceVersionDate "2024.05.09"]
[SourceQuality "1"]

1. e4 e5 2. Nf3 Nc6 3. Nc3 Nf6 4. Bb5 Bc5 5. Nxe5 Nxe5 6. d4 Bd6 7. dxe5 Bxe5
8. O-O O-O 9. Bd3 d6 10. Bg5 h6 11. Bh4 g5 12. Bg3 c6 13. Kh1 Be6 14. f4 gxf4
15. Bxf4 Ng4 16. Qe1 Bxf4 17. Rxf4 Ne5 18. Ne2 Kh8 19. Nd4 Rg8 20. Nf3 Nxf3 21.
Rxf3 Qg5 22. Qc3+ Qe5 23. Qxe5+ dxe5 24. b3 Rad8 25. Kg1 Rd4 26. Rf6 Kg7 27.
Rf3 Rgd8 28. Rg3+ Kf8 29. Rf1 R8d6 30. Rf6 1/2-1/2

[Event "Southend Masters"]
[Site "Southend"]
[Date "2024.03.29"]
[Round "3.12"]
[White "Bezuidenhout, Roland"]
[Black "Badacsonyi, Frankie"]
[Result "1/2-1/2"]
[WhiteElo "2273"]
[BlackElo "2160"]
[PlyCount "64"]
[EventDate "2024.03.28"]
[EventType "swiss"]
[EventRounds "9"]
[EventCountry "ENG"]
[SourceTitle "BritBase"]
[Source "John Saunders"]
[SourceDate "2024.05.09"]
[SourceVersion "1"]
[SourceVersionDate "2024.05.09"]
[SourceQuality "1"]

1. e4 c6 2. d4 d5 3. e5 Bf5 4. Nf3 e6 5. Be2 Ne7 6. c3 h6 7. O-O Nd7 8. Na3 Bh7
9. Nc2 Qc7 10. Nfe1 c5 11. Bd3 Bxd3 12. Nxd3 Rc8 13. f4 cxd4 14. Nxd4 a6 15.
Kh1 Nc5 16. Nxc5 Qxc5 17. Be3 Qc7 18. f5 Nxf5 19. Nxf5 exf5 20. Rxf5 Qd7 21.
Qg4 Rc6 22. Bd4 Qe6 23. Raf1 g6 24. R5f4 Qxg4 25. Rxg4 Bg7 26. e6 O-O 27. exf7+
Rxf7 28. Re1 Bxd4 29. Rxd4 Re6 30. Red1 Re2 31. b4 Rc2 32. Rxd5 Rxc3 1/2-1/2

[Event "Southend Masters"]
[Site "Southend"]
[Date "2024.03.29"]
[Round "3.13"]
[White "Haydon, David L"]
[Black "Kawulok, Marek"]
[Result "1/2-1/2"]
[WhiteElo "2241"]
[BlackElo "2245"]
[PlyCount "67"]
[EventDate "2024.03.28"]
[EventType "swiss"]
[EventRounds "9"]
[EventCountry "ENG"]
[SourceTitle "BritBase"]
[Source "John Saunders"]
[SourceDate "2024.05.09"]
[SourceVersion "1"]
[SourceVersionDate "2024.05.09"]
[SourceQuality "1"]

1. Nf3 Nf6 2. d4 d5 3. c4 e6 4. Nc3 Bb4 5. a3 Bxc3+ 6. bxc3 c5 7. e3 O-O 8. Qc2
Nbd7 9. Be2 b6 10. cxd5 exd5 11. O-O Re8 12. c4 Ba6 13. cxd5 Bxe2 14. Qxe2 Nxd5
15. Qc4 N7f6 16. dxc5 Rc8 17. Bb2 Rxc5 18. Qb3 Qe7 19. Bd4 Rc7 20. Rfd1 Qe4 21.
Rac1 Rec8 22. Rxc7 Rxc7 23. h3 h6 24. Bxf6 Nxf6 25. Nd4 Rc5 26. Nf3 Qc4 27. Qb4
Qxb4 28. axb4 Rb5 29. Rd8+ Kh7 30. Ra8 a5 31. bxa5 Rxa5 32. Rb8 Ra1+ 33. Kh2
Ne4 34. Rxb6 1/2-1/2

[Event "Southend Masters"]
[Site "Southend"]
[Date "2024.03.29"]
[Round "3.14"]
[White "Ribeiro, Rodrigo"]
[Black "Browning, Alex"]
[Result "0-1"]
[WhiteElo "2271"]
[BlackElo "2313"]
[PlyCount "68"]
[EventDate "2024.03.28"]
[EventType "swiss"]
[EventRounds "9"]
[EventCountry "ENG"]
[SourceTitle "BritBase"]
[Source "John Saunders"]
[SourceDate "2024.05.09"]
[SourceVersion "1"]
[SourceVersionDate "2024.05.09"]
[SourceQuality "1"]

1. d4 Nf6 2. c4 g6 3. Nc3 Bg7 4. e4 O-O 5. Bd3 d6 6. Nge2 Nbd7 7. O-O e5 8. d5
Nc5 9. Bc2 a5 10. a3 Bd7 11. f3 a4 12. Be3 Qe8 13. Qd2 b6 14. Rae1 Nh5 15. g4
Nf6 16. Ng3 Kh8 17. h4 Rg8 18. Kf2 h5 19. gxh5 Nxh5 20. Nxh5 gxh5 21. Rg1 Kh7
22. f4 Bg4 23. f5 Bf6 24. Bg5 Qe7 25. Bxf6 Qxf6 26. Rh1 Nb3 27. Bxb3 Bxf5 28.
Ref1 Bh3+ 29. Ke1 Bxf1 30. Rxf1 Qxh4+ 31. Kd1 axb3 32. Rxf7+ Rg7 33. Rf1 Rag8
34. Ne2 Qxe4 0-1

[Event "Southend Masters"]
[Site "Southend"]
[Date "2024.03.29"]
[Round "4.1"]
[White "Gumularz, Szymon"]
[Black "Petrov, Martin"]
[Result "1-0"]
[WhiteElo "2590"]
[BlackElo "2518"]
[PlyCount "79"]
[EventDate "2024.03.28"]
[EventType "swiss"]
[EventRounds "9"]
[EventCountry "ENG"]
[SourceTitle "BritBase"]
[Source "John Saunders"]
[SourceDate "2024.05.09"]
[SourceVersion "1"]
[SourceVersionDate "2024.05.09"]
[SourceQuality "1"]

1. e4 c5 2. Nf3 Nc6 3. Bb5 g6 4. Bxc6 bxc6 5. d4 cxd4 6. Qxd4 f6 7. O-O d6 8.
c4 c5 9. Qd3 Nh6 10. Nc3 Bg7 11. Rb1 Rb8 12. b3 O-O 13. Bb2 Nf7 14. h3 f5 15.
exf5 gxf5 16. Rbd1 e5 17. Qe2 Rb7 18. Ne1 f4 19. Ne4 Qe7 20. Nf3 Rb6 21. Bc3
Nh6 22. Ba5 Ra6 23. b4 Nf5 24. Qd2 Be6 25. b5 Rxa5 26. Qxa5 Bxc4 27. Rfe1 d5
28. Qa4 Kh8 29. Nc3 Qe6 30. Qxa7 e4 31. Qxc5 Qc8 32. Qxc8 Rxc8 33. Nxd5 exf3
34. Nb6 Rg8 35. Nxc4 Bc3 36. g4 Bxe1 37. Rxe1 Nd4 38. Re4 Ne2+ 39. Kh2 Rd8 40.
b6 1-0

[Event "Southend Masters"]
[Site "Southend"]
[Date "2024.03.29"]
[Round "4.2"]
[White "Hollan, Martin"]
[Black "Janik, Igor"]
[Result "1/2-1/2"]
[WhiteElo "2347"]
[BlackElo "2497"]
[PlyCount "131"]
[EventDate "2024.03.28"]
[EventType "swiss"]
[EventRounds "9"]
[EventCountry "ENG"]
[SourceTitle "BritBase"]
[Source "John Saunders"]
[SourceDate "2024.05.09"]
[SourceVersion "1"]
[SourceVersionDate "2024.05.09"]
[SourceQuality "1"]

1. e4 c6 2. d4 d5 3. e5 Bf5 4. h4 h5 5. Bg5 Qb6 6. Bd3 Bg4 7. Ne2 Qxb2 8. Nd2
Bxe2 9. Bxe2 Qxd4 10. e6 fxe6 11. Bxh5+ Kd8 12. O-O Nf6 13. Bg6 Nbd7 14. c3 Qg4
15. Nf3 e5 16. Qb1 Kc7 17. Bf5 Qc4 18. Re1 e6 19. Bxe6 Bd6 20. Qg6 Rhe8 21. Bh3
Re7 22. h5 e4 23. Nd4 Nf8 24. Qf5 Re5 25. Qf4 N8h7 26. Nf5 Rf8 27. Nxd6 Kxd6
28. Bh4 e3 29. Qxe5+ Kxe5 30. Bg3+ Qf4 31. Bxf4+ Kxf4 32. Rxe3 Ne4 33. Rae1
Nhf6 34. Rf3+ Kg5 35. Rf5+ Kh6 36. g4 g6 37. hxg6 Kxg6 38. f3 Rh8 39. Bg2 Nxc3
40. Re6 Rf8 41. Bf1 Rf7 42. Bd3 Kg7 43. g5 Nd7 44. Rxf7+ Kxf7 45. Bf5 Nb5 46.
g6+ Kf8 47. Bd3 Nd4 48. g7+ Kxg7 49. Re7+ Kf6 50. Rxd7 Nxf3+ 51. Kf1 Ne5 52.
Rxb7 Nxd3 53. Ke2 Nf4+ 54. Kd2 a5 55. Rb6 Ke5 56. Rxc6 Kd4 57. Ra6 Kc4 58. Rxa5
Ne6 59. Ra4+ Kb5 60. Rh4 Kc5 61. Kc3 Ng5 62. Rh8 Ne4+ 63. Kc2 Kc4 64. a3 d4 65.
Rh4 Nc5 66. Rxd4+ 1/2-1/2

[Event "Southend Masters"]
[Site "Southend"]
[Date "2024.03.29"]
[Round "4.3"]
[White "Pert, Richard G"]
[Black "Fernandez, Daniel Howard"]
[Result "1/2-1/2"]
[WhiteElo "2411"]
[BlackElo "2532"]
[PlyCount "52"]
[EventDate "2024.03.28"]
[EventType "swiss"]
[EventRounds "9"]
[EventCountry "ENG"]
[SourceTitle "BritBase"]
[Source "John Saunders"]
[SourceDate "2024.05.09"]
[SourceVersion "1"]
[SourceVersionDate "2024.05.09"]
[SourceQuality "1"]

1. d4 d5 2. Nf3 Nf6 3. Bf4 c6 4. e3 Bg4 5. Nbd2 e6 6. h3 Bxf3 7. Nxf3 Bd6 8. c3
Qc7 9. Bxd6 Qxd6 10. Be2 Nbd7 11. O-O O-O 12. c4 a5 13. Rc1 Ne4 14. a3 f5 15.
Qb3 Ra7 16. Qa4 f4 17. c5 Qb8 18. exf4 Rxf4 19. Qc2 e5 20. Nxe5 Nxe5 21. dxe5
Qxe5 22. Bd3 Ra8 23. Rce1 Raf8 24. Bxe4 Rxe4 25. Rxe4 dxe4 26. Re1 Re8 1/2-1/2

[Event "Southend Masters"]
[Site "Southend"]
[Date "2024.03.29"]
[Round "4.4"]
[White "Royal, Shreyas"]
[Black "Lim, Zhuo Ren"]
[Result "1-0"]
[WhiteElo "2457"]
[BlackElo "2290"]
[PlyCount "91"]
[EventDate "2024.03.28"]
[EventType "swiss"]
[EventRounds "9"]
[EventCountry "ENG"]
[SourceTitle "BritBase"]
[Source "John Saunders"]
[SourceDate "2024.05.09"]
[SourceVersion "1"]
[SourceVersionDate "2024.05.09"]
[SourceQuality "1"]

1. d4 Nf6 2. c4 e6 3. Nc3 Bb4 4. f3 d5 5. a3 Bxc3+ 6. bxc3 O-O 7. cxd5 exd5 8.
e3 Re8 9. Bd3 b6 10. Ne2 Ba6 11. O-O c5 12. Ng3 Bxd3 13. Qxd3 Nc6 14. Bb2 Rc8
15. Rae1 Rc7 16. e4 dxe4 17. fxe4 Ne5 18. Qe2 cxd4 19. cxd4 Nc4 20. Ba1 b5 21.
Qd3 Nd7 22. Nf5 Rc6 23. a4 a6 24. axb5 axb5 25. Rb1 Rb6 26. Rf3 Qa8 27. Re1 Rg6
28. Bc3 Qa2 29. Rf2 Qa7 30. Bb4 Nf6 31. Bc5 Qc7 32. Ra2 Rg5 33. Qf3 Ng4 34. g3
h5 35. Ra7 Qb8 36. Ne7+ Kh7 37. Qf4 f6 38. Qxb8 Rxb8 39. h4 Rg6 40. Nxg6 Kxg6
41. Ra2 b4 42. Ra4 Nd2 43. Kg2 b3 44. Rb4 Ra8 45. Re2 Ra2 46. Rxb3 1-0

[Event "Southend Masters"]
[Site "Southend"]
[Date "2024.03.29"]
[Round "4.5"]
[White "Cherniaev, Alexander"]
[Black "Kirk, Ezra"]
[Result "1-0"]
[WhiteElo "2375"]
[BlackElo "2407"]
[PlyCount "73"]
[EventDate "2024.03.28"]
[EventType "swiss"]
[EventRounds "9"]
[EventCountry "ENG"]
[SourceTitle "BritBase"]
[Source "John Saunders"]
[SourceDate "2024.05.09"]
[SourceVersion "1"]
[SourceVersionDate "2024.05.09"]
[SourceQuality "1"]

1. Nf3 Nf6 2. g3 g6 3. b3 Bg7 4. Bb2 O-O 5. Bg2 d6 6. d4 a5 7. Nbd2 a4 8. c4 e5
9. dxe5 Nfd7 10. O-O dxe5 11. Qc2 Qe7 12. Rfd1 f5 13. e4 f4 14. Qc1 a3 15. Bc3
Nc6 16. Qc2 Nd4 17. Bxd4 exd4 18. Rab1 Nc5 19. b4 d3 20. Qc1 Bb2 21. Rxb2 axb2
22. Qxb2 Na4 23. Qb3 fxg3 24. hxg3 Bg4 25. Re1 c5 26. a3 Bxf3 27. Nxf3 Rfd8 28.
e5 Nb6 29. Nd2 Kh8 30. e6 cxb4 31. axb4 Qg7 32. e7 Re8 33. Qxd3 Ra1 34. Rxa1
Qxa1+ 35. Nf1 Qf6 36. c5 Na4 37. Qb5 1-0

[Event "Southend Masters"]
[Site "Southend"]
[Date "2024.03.29"]
[Round "4.6"]
[White "Abhyuday, Santhosh"]
[Black "Lalic, Bogdan"]
[Result "1/2-1/2"]
[WhiteElo "2150"]
[BlackElo "2354"]
[PlyCount "31"]
[EventDate "2024.03.28"]
[EventType "swiss"]
[EventRounds "9"]
[EventCountry "ENG"]
[SourceTitle "BritBase"]
[Source "John Saunders"]
[SourceDate "2024.05.09"]
[SourceVersion "1"]
[SourceVersionDate "2024.05.09"]
[SourceQuality "1"]

1. e4 g6 2. d4 Bg7 3. Nc3 d5 4. e5 c5 5. f4 cxd4 6. Qxd4 e6 7. Nb5 Ne7 8. Qf2
O-O 9. Nf3 Nbc6 10. Bd3 f6 11. exf6 Bxf6 12. O-O a6 13. Nbd4 Nxd4 14. Nxd4 Bg7
15. Qe3 Qb6 16. Nf5 1/2-1/2